Bankové právo a jeho perspektívy

Vznik a vývoj bánk a bankovníctva. Medzinárodné bankovníctvo a rozširovanie bankových služieb. Bankové právo na Slovensku do roku 1989. Problematika bankového práva vo svetle zmien po novembri 1989. Perspektívy bankového práva.

Saved in:
Bibliographic Details
Main Author: Grúň, Ľubomír
Format: Book Chapter
Language:Slovak
Subjects:
Tags: Add Tag
No Tags, Be the first to tag this record!

MARC

LEADER 00000naa a2200000 4500
001 r042396
005 20230929081007.6
041 0 |a slo 
044 |a SK 
245 1 0 |a Bankové právo a jeho perspektívy  |c Ľubomír Grúň 
520 |a Vznik a vývoj bánk a bankovníctva. Medzinárodné bankovníctvo a rozširovanie bankových služieb. Bankové právo na Slovensku do roku 1989. Problematika bankového práva vo svetle zmien po novembri 1989. Perspektívy bankového práva. 
610 2 0 |a bankovníctvo 
610 2 0 |a banky 
610 2 0 |a služby bankové 
610 2 0 |a história 
610 2 0 |a právo 
610 2 0 |a Slovensko 
100 1 |a Grúň, Ľubomír